| 000 | 00349nam a2200145Ia 4500 | ||
|---|---|---|---|
| 008 | 150201s2012 xx 000 0 und d | ||
| 082 |
_a610.7343 _bC08B |
||
| 100 | _aBASAVANATHAPPA , BT. | ||
| 245 | _aCOMMUNITY HEATH NURSING | ||
| 250 | _a2ND | ||
| 260 |
_bJAYPEE _aDELHI _c2012 |
||
| 300 | _a1088 | ||
| 650 | _aCOMMUNITy NURSING | ||
| 942 |
_2ddc _cBK |
||
| 999 |
_c2005 _d2005 |
||